Sports Quiz

Random Sports Quiz

The Jose Veras Quiz Stats

 Plays Quiz not verified by Sporcle

Support Sporcle.
Go Orange.
Score 0/17 Timer 08:00
0 Plays Today
Season(s) Pitcher % Correct
2011John Axford
93.5%
2012Jose Veras
83.1%
2011Kameron Loe
81.5%
1997Doug Jones
41.9%
2008Salomon Torres
39.5%
1997, 1998, 1999Bob Wickman
37.9%
2007Brian Shouse
36.3%
2000, 2001Curt Leskanic
32.3%
1988, 1989Chuck Crim
30.6%
Season(s) Pitcher % Correct
2009Todd Coffey
29.8%
2001, 2002Ray King
27.4%
2009Mitch Stetter
25%
1971Ken Sanders
22.6%
2001Mike DeJean
18.5%
2002, 2004Luis Vizcaino
11.3%
1998Mike Myers
8.9%
1974Tom Murphy
6.5%

You're not logged in!

Compare scores with friends on all Sporcle quizzes.
OR
Log In

From the Vault

Premier League Nationalities: Europe

by bob050381

Just a well-spirited game about the game of footy.
Remove Ads.
Support Sporcle.
Get the best of Sporcle when you Go Orange. This ad-free experience offers more features, more stats, and more fun while also helping to support Sporcle. Thank you for becoming a member.

Show Comments

Extras

Created Nov 1, 2012ReportNominate
Tags:Brewer, Era, jose, least, Reliever, season, Under, Vera

Top Quizzes Today


Score Distribution

Your Account Isn't Verified!

In order to create a playlist on Sporcle, you need to verify the email address you used during registration. Go to your Sporcle Settings to finish the process.

Report this User

Report this user for behavior that violates our Community Guidelines.

Details: